|
|
|
|
| LEADER |
01095nam a2200229 a 4500 |
| 001 |
3002 |
| 008 |
130620s1986 bg b b f000 0 eng d |
| 010 |
|
|
|a 92911040
|
| 020 |
|
|
|a 9068320157
|
| 040 |
|
|
|a DLC
|c DLC
|d DLC
|d BD-DhAAL
|
| 082 |
0 |
0 |
|a 332.7/1/086294
|2 20
|
| 245 |
0 |
0 |
|a Different ways to support the rural poor :
|b effects of two development approaches in Bangladesh /
|c Pieter Streefland ... [et al.].
|
| 260 |
|
|
|a Dhaka, Bangladesh :
|b Distributed by Centre for Social Studies, Dhaka University ;
|a Amsterdam, Netherlands :
|b Also distributed by Royal Tropical Institute,
|c 1986.
|
| 300 |
|
|
|a vii, 190 p. :
|b maps ;
|c 23 cm.
|
| 504 |
|
|
|a Includes bibliographical references (p. 188-190)
|
| 541 |
|
|
|e 3002
|
| 650 |
|
0 |
|a Rural poor
|z Bangladesh.
|
| 700 |
1 |
|
|a Streefland, Pieter H.
|
| 710 |
2 |
|
|a University of Dhaka.
|b Centre for Social Studies.
|
| 852 |
1 |
|
|a Ayesha Abed Library
|j General shelf.
|
| 999 |
|
|
|c 13612
|d 13612
|
| 952 |
|
|
|0 0
|1 0
|2 ddc
|4 0
|6 332_710862940000000_DIF
|7 0
|9 22781
|a BRACUL
|b BRACUL
|c GEN
|d 2013-06-23
|g 0.00
|l 0
|o 332.71086294 DIF
|p 3010003002
|r 2013-06-23
|t 1
|w 2013-06-23
|y BK
|z Not price in Register
|